00536nam a2200181 a 45000010010000000030011000100080041000210350026000620820015000881000016001032450033001192600053001526500011002059420012002169520091002289980020003199990015003390000-9189ELIB.Books110520 2003  a(ELIB.Books)0000-9341 aB.Th bEun aEunice, Naw aViolence Against Asian Women bInsein: Karen Baptist Theolgical Seminary c2003 aThesis 2ddccBK 00102ddc4070aKBTSbKBTSd2011-05-20l0p30145r2022-01-22 00:00:00w2022-01-22yBK cbate2011-05-20 c9189d9189